000 00720nam a22002412 4500
999 _c18627
_d18627
001 0000005312
003 OSt
005 20201118161116.0
008 070611s xx 000 0 eng d
020 _a9781510461802
_cKES 2350
040 _aKABU
_cKABU
050 0 _aTX 820
_b.P73 2019 c. 1
245 1 0 _aPractical cookery /
_cDavid Foskett ...[et al.].
250 _a14th ed.
260 _aLondon :
_bHodder Education,
_c2019.
300 _axii, 636 p.
650 0 _aCookery.
650 0 _aQuantity cooking
700 1 _aFoskett, David ...[et al.].
908 _a070611
942 _2lcc
_cBK
_e13th ed.
_hTX820
_i.P73 2015 c. 1